01173nabaa22001937a 4500999001500000003000400015005001700019008004100036040000700077100002800084245013200112300001400244500003600258505043200294505008900726650003200815773011900847942001300966 c6164d6164OSt20260123205209.0190701b xxu||||| |||| 00| 0 spa d cPJ 96896aBonato, Mauro R. 13aActos de gobierno, actos políticos o cuestiones políticas no justiciables :cla suerte del ave fénix /bMauro R. Bonato.  ap. 95-145 aCita: TR LALEY AR/DOC/363/2024  aSumario: I. Introducción.— II. En la estéril búsqueda de un concepto.— III. Una consecuencia fundamental.— IV. Origen de la noción.— V. La cuestión en derecho comparado.— VI. Argumentos a favor y en contra de la teoría. Su retroceso.— VII. La cuestión en la República Argentina.— VIII. La cuestión en la jurisprudencia de la Corte Suprema de Justicia de la Nación.— IX. A modo de colofón.  t¿Te interesa el texto completo? Comunicate al correo: koha@justierradelfuego.gov.ar 09211aDERECHO ADMINISTRATIVO0 0284293251dBuenos Aires : AbeledoPerrot, 2012-oDA121tDerecho administrativo. Nº 152 marzo/abril 2024z18510590 2udccANA